=LDR 00000nam 2200000 4500 =001 INLIS000000000028556 =005 20200316081156 =035 ##$$a 0010-061300000028556 =008 200316################g##########0#ind## =041 ##$$a Ind =082 ##$$a 297 =090 ##$$a 297, Ada =245 1#$$a Adakah Allah selalu di hatimu /$c Miftah Faridl [ et.al. ] =260 ##$$a Jakarta :$b Republika,$c 2004 =300 ##$$a vii, 152 hlm ; $c 21 x 13 cm =650 #4$$a Islam =850 ##$$a NBPNMAT =020 ##$$a 979-3210-42-7 =084 ##$$a 297 ADA a =100 #$$a Adakah Allah selalu di hatimu =990 ##$$a 30709855 =990 ##$$a 30709852